[Event "30. Open Pula 2016"]
[Site "Pula CRO"]
[Date "2016.09.14"]
[Round "6.10"]
[White "Losonczi, Marcell"]
[Black "Kljako, Damir"]
[Result "1/2-1/2"]
[WhiteElo "2035"]
[BlackElo "2157"]
[PlyCount "56"]
[EventDate "2016.09.10"]
[EventType "swiss"]
[EventRounds "9"]
[EventCountry "CRO"]
[SourceTitle "Ajedrez en Madrid"]
[Source "lmi"]
[SourceDate "2016.09.10"]
[SourceVersion "1"]
[SourceVersionDate "2017.04.19"]
[SourceQuality "1"]

1. e4 g6 2. d4 Bg7 3. Nc3 d6 4. Bg5 c6 5. Qd2 b5 6. f4 Qb6 7. Nf3 Bg4 8. e5
Bxf3 9. gxf3 d5 10. f5 gxf5 11. O-O-O e6 12. Be2 Nd7 13. Rhg1 Bf8 14. Rg2 h6
15. Bh4 Ne7 16. Bxe7 Bxe7 17. Rdg1 O-O-O 18. Rg7 Rdf8 19. f4 Qa5 20. Bh5 Nb6
21. Kb1 Bb4 22. Qd3 Nc4 23. R1g3 Qc7 24. a3 Ba5 25. Ka2 b4 26. Nb1 bxa3 27.
Nxa3 Nxa3 28. Qxa3 Bb6 1/2-1/2

[Event "30. Open Pula 2016"]
[Site "Pula CRO"]
[Date "2016.09.14"]
[Round "6.11"]
[White "Skok, Boris"]
[Black "Mestek, Igor"]
[Result "1/2-1/2"]
[WhiteElo "2001"]
[BlackElo "2110"]
[PlyCount "30"]
[EventDate "2016.09.10"]
[EventType "swiss"]
[EventRounds "9"]
[EventCountry "CRO"]
[SourceTitle "Ajedrez en Madrid"]
[Source "lmi"]
[SourceDate "2016.09.10"]
[SourceVersion "1"]
[SourceVersionDate "2017.04.19"]
[SourceQuality "1"]

1. d4 d5 2. c4 dxc4 3. e3 Be6 4. Nf3 c6 5. Nc3 Nf6 6. Be2 g6 7. O-O Bg7 8. a4
O-O 9. Ng5 Bd5 10. e4 h6 11. exd5 hxg5 12. dxc6 Nxc6 13. d5 Ne5 14. Bg4 Rc8 15.
Be3 b6 1/2-1/2

[Event "30. Open Pula 2016"]
[Site "Pula CRO"]
[Date "2016.09.14"]
[Round "6.12"]
[White "Voscilla, Adriano"]
[Black "Siljan, Milorad"]
[Result "1-0"]
[WhiteElo "2186"]
[BlackElo "1971"]
[PlyCount "115"]
[EventDate "2016.09.10"]
[EventType "swiss"]
[EventRounds "9"]
[EventCountry "CRO"]
[SourceTitle "Ajedrez en Madrid"]
[Source "lmi"]
[SourceDate "2016.09.10"]
[SourceVersion "1"]
[SourceVersionDate "2017.04.19"]
[SourceQuality "1"]

1. e4 Nf6 2. Nc3 e5 3. Nf3 Nc6 4. Bb5 d6 5. d3 Be7 6. O-O O-O 7. Ne2 a6 8. Ba4
b5 9. Bb3 Na5 10. c3 Nxb3 11. axb3 Bb7 12. b4 d5 13. Nxe5 dxe4 14. d4 Bd6 15.
Ng3 Bxe5 16. dxe5 Qxd1 17. Rxd1 Ng4 18. Bf4 Rfe8 19. Rd7 Rac8 20. e6 Rxe6 21.
Rxc7 Rxc7 22. Bxc7 e3 23. f3 Nf6 24. Nf5 Nd5 25. Bg3 Ne7 26. Rd1 Nd5 27. Nd6
Bc6 28. Ne4 f5 29. Nc5 Re8 30. Ra1 f4 31. Be1 Ra8 32. Rxa6 Rxa6 33. Nxa6 Nb6
34. b3 Bd5 35. Nc5 g5 36. h4 h6 37. hxg5 hxg5 38. Kf1 Kf7 39. Ke2 Kf6 40. g3
Kf5 41. gxf4 gxf4 42. Bh4 Bf7 43. Bd8 Nd5 44. Ne4 Bh5 45. Nd6+ Ke6 46. Nxb5 Kf5
47. Ba5 Nf6 48. Nd4+ Kg5 49. Bd8 Kg6 50. Bxf6 Kxf6 51. b5 Ke5 52. b6 Kd6 53. b7
Kc7 54. Ne6+ Kxb7 55. Nxf4 Bf7 56. c4 Kc6 57. Kxe3 Kc5 58. Nd3+ 1-0

[Event "30. Open Pula 2016"]
[Site "Pula CRO"]
[Date "2016.09.14"]
[Round "6.13"]
[White "Jurman, Pjerino"]
[Black "Ciganovic, Nikola"]
[Result "0-1"]
[WhiteElo "2025"]
[BlackElo "2206"]
[PlyCount "63"]
[EventDate "2016.09.10"]
[EventType "swiss"]
[EventRounds "9"]
[EventCountry "CRO"]
[SourceTitle "Ajedrez en Madrid"]
[Source "lmi"]
[SourceDate "2016.09.10"]
[SourceVersion "1"]
[SourceVersionDate "2017.04.19"]
[SourceQuality "1"]

1. d4 Nf6 2. Nf3 g6 3. Bg5 Bg7 4. e3 O-O 5. Bd3 c5 6. c3 d6 7. Nbd2 Nc6 8. O-O
b6 9. Re1 Bb7 10. e4 cxd4 11. cxd4 Nd7 12. Nc4 h6 13. Nxd6 hxg5 14. Nxb7 Qc7
15. Ba6 Ndb8 16. d5 Nxa6 17. dxc6 Qxc6 18. Qd5 Nb4 19. Qb3 a5 20. a3 Na6 21.
Nxg5 Bf6 22. Nf3 Qxb7 23. e5 Nc5 24. Qc2 Bg7 25. e6 Nxe6 26. Rxe6 fxe6 27. Qxg6
Rf6 28. Qg4 Qd5 29. Re1 Raf8 30. Re5 Qd1+ 31. Re1 Qc2 32. Rxe6 0-1

[Event "30. Open Pula 2016"]
[Site "Pula CRO"]
[Date "2016.09.14"]
[Round "6.14"]
[White "Kukurin, Luka"]
[Black "Mis, Mieszko"]
[Result "1-0"]
[WhiteElo "2027"]
[BlackElo "2194"]
[PlyCount "71"]
[EventDate "2016.09.10"]
[EventType "swiss"]
[EventRounds "9"]
[EventCountry "CRO"]
[SourceTitle "Ajedrez en Madrid"]
[Source "lmi"]
[SourceDate "2016.09.10"]
[SourceVersion "1"]
[SourceVersionDate "2017.04.19"]
[SourceQuality "1"]

1. e4 d5 2. exd5 Qxd5 3. Nc3 Qa5 4. Bc4 Nf6 5. Nge2 Bf5 6. O-O e6 7. Bb3 c6 8.
Ng3 Bg6 9. d4 Bd6 10. f4 O-O 11. f5 exf5 12. Qf3 Qb6 13. Nce2 Re8 14. c3 a5 15.
Bc4 Qc7 16. h4 b5 17. Bb3 Ne4 18. Nxf5 a4 19. Bc2 Bxf5 20. Qxf5 g6 21. Qf3 f5
22. g4 Qe7 23. gxf5 Qxh4 24. Qg2 Nd7 25. Bf4 Ndf6 26. fxg6 Ra7 27. Bxd6 Nxd6
28. Rf4 Rxe2 29. gxh7+ Kh8 30. Rxh4 Rxg2+ 31. Kxg2 Nc4 32. Re1 Rg7+ 33. Kh3 Nd2
34. Rh6 Nf3 35. Rxf6 Ng5+ 36. Kh2 1-0

[Event "30. Open Pula 2016"]
[Site "Pula CRO"]
[Date "2016.09.14"]
[Round "6.15"]
[White "Marceta, Milan"]
[Black "Sygulski, Pawel"]
[Result "0-1"]
[WhiteElo "1950"]
[BlackElo "2133"]
[PlyCount "78"]
[EventDate "2016.09.10"]
[EventType "swiss"]
[EventRounds "9"]
[EventCountry "CRO"]
[SourceTitle "Ajedrez en Madrid"]
[Source "lmi"]
[SourceDate "2016.09.10"]
[SourceVersion "1"]
[SourceVersionDate "2017.04.19"]
[SourceQuality "1"]

1. e4 d5 2. exd5 Qxd5 3. Nc3 Qa5 4. Nf3 Nf6 5. g3 c6 6. Bg2 Bf5 7. O-O e6 8. d3
Be7 9. Bd2 O-O 10. h4 h6 11. a3 Nbd7 12. Qe1 Qc7 13. Nd4 Rfe8 14. Be3 Bg6 15.
Qd2 a6 16. Rae1 Rad8 17. Bh3 c5 18. Nf3 Bd6 19. Bxh6 gxh6 20. Bxe6 Rxe6 21.
Rxe6 fxe6 22. Qxh6 Nf8 23. Qg5 Qg7 24. Re1 Bh5 25. Ne5 Qxg5 26. hxg5 Nd5 27. f4
Nxc3 28. bxc3 Bxe5 29. Rxe5 Rd5 30. Re1 Bg4 31. Kf2 Ng6 32. c4 Rd7 33. Rh1 Rh7
34. Rxh7 Kxh7 35. Ke3 Kg7 36. c3 Kf7 37. d4 b6 38. d5 Ke7 39. Ke4 Kd6 0-1

[Event "30. Open Pula 2016"]
[Site "Pula CRO"]
[Date "2016.09.14"]
[Round "6.16"]
[White "Kersic, Matej"]
[Black "Csiki, Endre"]
[Result "1-0"]
[WhiteElo "2129"]
[BlackElo "2029"]
[PlyCount "92"]
[EventDate "2016.09.10"]
[EventType "swiss"]
[EventRounds "9"]
[EventCountry "CRO"]
[SourceTitle "Ajedrez en Madrid"]
[Source "lmi"]
[SourceDate "2016.09.10"]
[SourceVersion "1"]
[SourceVersionDate "2017.04.19"]
[SourceQuality "1"]

1. e4 e6 2. d4 d5 3. Nc3 Bb4 4. exd5 exd5 5. Bd3 Nc6 6. a3 Ba5 7. Nge2 Nge7 8.
O-O Bg4 9. Be3 O-O 10. f3 Bf5 11. Bf2 Qd7 12. Ng3 Bxd3 13. Qxd3 Rfe8 14. Na4
Bb6 15. Nxb6 axb6 16. Rfe1 Ng6 17. Qd2 Rxe1+ 18. Rxe1 Re8 19. h3 Rxe1+ 20. Qxe1
Qe7 21. Qxe7 Ncxe7 22. Ne2 Kf8 23. g4 Ke8 24. Bg3 Kd7 25. Kf2 f5 26. Ke3 c6 27.
a4 fxg4 28. fxg4 Ke6 29. h4 Kf7 30. h5 Nf8 31. Bc7 Nc8 32. Nf4 Ne6 33. Nxe6
Kxe6 34. Kf4 b5 35. axb5 cxb5 36. Be5 g6 37. Kg5 Kf7 38. Kh6 gxh5 39. Kxh5 Ne7
40. Kh4 Ng8 41. Bd6 Kg6 42. Kg3 Kf7 43. Kf4 Nh6 44. Ke5 Kg6 45. Kxd5 Kg5 46.
Be7+ Kxg4 1-0

[Event "30. Open Pula 2016"]
[Site "Pula CRO"]
[Date "2016.09.14"]
[Round "6.17"]
[White "Saradjen, Janko"]
[Black "Slamar, Velimir"]
[Result "0-1"]
[WhiteElo "2010"]
[BlackElo "2116"]
[PlyCount "80"]
[EventDate "2016.09.10"]
[EventType "swiss"]
[EventRounds "9"]
[EventCountry "CRO"]
[SourceTitle "Ajedrez en Madrid"]
[Source "lmi"]
[SourceDate "2016.09.10"]
[SourceVersion "1"]
[SourceVersionDate "2017.04.19"]
[SourceQuality "1"]

1. e4 c6 2. Nc3 d5 3. d3 dxe4 4. Nxe4 Nf6 5. Nxf6+ gxf6 6. c3 Nd7 7. d4 Nb6 8.
h3 Qc7 9. Ne2 e5 10. g3 Be6 11. Bg2 O-O-O 12. Qc2 Qd7 13. dxe5 Bf5 14. Qb3 Bd3
15. Qd1 fxe5 16. O-O Rg8 17. Be3 f5 18. Bf3 f4 19. Bxb6 axb6 20. Bg4 Rxg4 21.
hxg4 f3 22. Nc1 Qxg4 23. Nxd3 Rxd3 24. Qxd3 e4 25. Rfe1 exd3 26. Re8+ Kc7 27.
Rxf8 d2 28. Rf4 Qe6 29. Rf1 c5 30. Rxf3 Qe2 31. Rf7+ Kd8 32. Rxh7 Qxf1+ 33.
Kxf1 d1=Q+ 34. Kg2 Qd5+ 35. Kh2 Qf3 36. Kg1 Qe4 37. Rh4 Qb1+ 38. Kg2 Qxb2 39.
c4 Qxa2 40. Rf4 b5 0-1

[Event "30. Open Pula 2016"]
[Site "Pula CRO"]
[Date "2016.09.14"]
[Round "6.19"]
[White "Kozak, Antoni"]
[Black "Ikica, Ante"]
[Result "1-0"]
[WhiteElo "2105"]
[BlackElo "1951"]
[PlyCount "73"]
[EventDate "2016.09.10"]
[EventType "swiss"]
[EventRounds "9"]
[EventCountry "CRO"]
[SourceTitle "Ajedrez en Madrid"]
[Source "lmi"]
[SourceDate "2016.09.10"]
[SourceVersion "1"]
[SourceVersionDate "2017.04.19"]
[SourceQuality "1"]

1. e4 d6 2. d4 g6 3. Nc3 Bg7 4. Be3 c6 5. Qd2 b5 6. f3 a6 7. O-O-O Qc7 8. Kb1
Nd7 9. g4 Bb7 10. h4 h5 11. g5 e6 12. f4 Ne7 13. Bg2 Nb6 14. Qf2 b4 15. Nce2
Nc4 16. Bc1 d5 17. Ng3 c5 18. dxc5 Rc8 19. f5 exf5 20. exf5 Be5 21. N1e2 Qxc5
22. Qxc5 Rxc5 23. Nf4 O-O 24. Nd3 Rfc8 25. Nxc5 Rxc5 26. f6 Nc8 27. Ne2 a5 28.
Rhe1 Kh7 29. Nf4 N8b6 30. Nd3 Bd4 31. Nxc5 Bxc5 32. b3 Na3+ 33. Bxa3 bxa3 34.
Re7 Bxe7 35. fxe7 Bc6 36. Bxd5 Nxd5 37. Rxd5 1-0

[Event "30. Open Pula 2016"]
[Site "Pula CRO"]
[Date "2016.09.14"]
[Round "6.20"]
[White "Schaffert, Walter"]
[Black "Ghersinich, Enrico"]
[Result "1/2-1/2"]
[WhiteElo "2099"]
[BlackElo "1906"]
[PlyCount "161"]
[EventDate "2016.09.10"]
[EventType "swiss"]
[EventRounds "9"]
[EventCountry "CRO"]
[SourceTitle "Ajedrez en Madrid"]
[Source "lmi"]
[SourceDate "2016.09.10"]
[SourceVersion "1"]
[SourceVersionDate "2017.04.19"]
[SourceQuality "1"]

1. e4 c5 2. Nf3 d6 3. Bb5+ Bd7 4. Bxd7+ Qxd7 5. O-O Nc6 6. c3 Nf6 7. d4 cxd4 8.
cxd4 Nxe4 9. d5 Nb8 10. Re1 Nf6 11. Nc3 g6 12. Bg5 Bg7 13. Qe2 Na6 14. h3 Nc7
15. Rad1 h6 16. Bc1 Kf8 17. Qe3 b6 18. a4 Re8 19. b4 Kg8 20. a5 bxa5 21. bxa5
Kh7 22. g4 a6 23. g5 Ng8 24. h4 Qg4+ 25. Kf1 Qc4+ 26. Ne2 Nxd5 27. Rxd5 Qxd5
28. Nf4 Qc4+ 29. Kg1 e5 30. h5 Ne7 31. hxg6+ fxg6 32. Ng2 Nf5 33. Qa7 Re7 34.
Qb6 Rc8 35. Qb1 Qg4 36. Nh2 Qa4 37. gxh6 Bxh6 38. Bxh6 Kxh6 39. Re4 Qc2 40.
Ng4+ Kg7 41. Qb4 Rb8 42. Qxb8 Qxe4 43. N2e3 Nxe3 44. Nxe3 Rb7 45. Qxd6 Rb1+ 46.
Nf1 Qg4+ 47. Kh2 Qh4+ 48. Kg2 Qg4+ 49. Kh2 Rxf1 50. Qxe5+ Kh7 51. Qe7+ Kh6 52.
Qf8+ Kh5 53. Qh8+ Kg5 54. Qd8+ Kf5 55. Qd3+ Qe4 56. Qxf1 Qe5+ 57. Kg1 Qxa5 58.
Qd3+ Kf6 59. Qd6+ Kg5 60. Qe7+ Kg4 61. Qe2+ Kh4 62. Qe4+ Kh5 63. Qf3+ Kh6 64.
Qf8+ Kg5 65. Qe7+ Kf4 66. Qf6+ Qf5 67. Qxa6 Qg4+ 68. Kf1 Qh3+ 69. Kg1 Qg4+ 70.
Kf1 Qd1+ 71. Kg2 Qd5+ 72. Kg1 g5 73. Qa4+ Kf5 74. Qc2+ Kg4 75. Qc8+ Kf3 76.
Qh3+ Kf4 77. Qh2+ Kf5 78. Qh7+ Kg4 79. Qb1 Kf3 80. Qc1 Kg4 81. Qe3 1/2-1/2

[Event "30. Open Pula 2016"]
[Site "Pula CRO"]
[Date "2016.09.15"]
[Round "7.1"]
[White "Fercec, Nenad"]
[Black "Jovanic, Ognjen"]
[Result "0-1"]
[WhiteElo "2441"]
[BlackElo "2433"]
[PlyCount "124"]
[EventDate "2016.09.10"]
[EventType "swiss"]
[EventRounds "9"]
[EventCountry "CRO"]
[SourceTitle "Ajedrez en Madrid"]
[Source "lmi"]
[SourceDate "2016.09.10"]
[SourceVersion "1"]
[SourceVersionDate "2017.04.19"]
[SourceQuality "1"]

1. e4 c5 2. Nf3 e6 3. g3 Nc6 4. Bg2 Nf6 5. Qe2 Be7 6. O-O O-O 7. Rd1 e5 8. c3
d5 9. d3 d4 10. Nbd2 Bg4 11. h3 Bh5 12. g4 Bg6 13. Nc4 Nd7 14. a4 Re8 15. Bd2
Rb8 16. Rdb1 h6 17. cxd4 Nxd4 18. Nxd4 cxd4 19. f4 f6 20. b4 Bf7 21. f5 Nb6 22.
Nb2 Rc8 23. a5 Na8 24. Nc4 Nc7 25. b5 Qd7 26. b6 Bxc4 27. bxc7 Bb5 28. Rc1 Rxc7
29. Rxc7 Qxc7 30. Rc1 Qd7 31. Bf1 Rc8 32. Qd1 Rxc1 33. Qxc1 a6 34. h4 Kh7 35.
Be2 Qd6 36. Kf2 Be8 37. Qc4 Qc6 38. Qb3 Qb5 39. Qe6 Qd7 40. Qc4 Bd8 41. Bb4 Qc7
42. Qb3 Bf7 43. Qa3 b6 44. axb6 Qxb6 45. Be7 a5 46. Bxd8 Qxd8 47. Qc5 Bb3 48.
g5 fxg5 49. Bh5 gxh4 50. Qxe5 a4 51. Qc5 h3 52. Bg6+ Kh8 53. Kg3 Qg5+ 54. Kxh3
Qe3+ 55. Kh2 Qd2+ 56. Kg1 Qd1+ 57. Kf2 Qc2+ 58. Qxc2 Bxc2 59. Ke2 a3 60. Bf7
Bb1 61. e5 a2 62. e6 a1=Q 0-1

[Event "30. Open Pula 2016"]
[Site "Pula CRO"]
[Date "2016.09.15"]
[Round "7.2"]
[White "Srbis, Jurica"]
[Black "Vasic, Bosko"]
[Result "0-1"]
[WhiteElo "2415"]
[BlackElo "2090"]
[PlyCount "90"]
[EventDate "2016.09.10"]
[EventType "swiss"]
[EventRounds "9"]
[EventCountry "CRO"]
[SourceTitle "Ajedrez en Madrid"]
[Source "lmi"]
[SourceDate "2016.09.10"]
[SourceVersion "1"]
[SourceVersionDate "2017.04.19"]
[SourceQuality "1"]

1. e4 e6 2. d4 d5 3. Nd2 c5 4. exd5 Qxd5 5. Ngf3 cxd4 6. Bc4 Qd6 7. O-O Nf6 8.
Nb3 Nc6 9. Nbxd4 Nxd4 10. Nxd4 a6 11. Re1 Qc7 12. Bb3 Bd6 13. Nf5 Bxh2+ 14. Kh1
O-O 15. Nxg7 Rd8 16. Qf3 Kxg7 17. Bh6+ Kg6 18. c3 Nh5 19. Bc1 Bf4 20. g4 Bxc1
21. gxh5+ Kg7 22. Raxc1 b6 23. h6+ Kf8 24. Bc2 Bb7 25. Be4 Rd5 26. c4 Rf5 27.
Qg2 Bxe4 28. Rxe4 Qc5 29. Rg4 Rd8 30. Kg1 Rd2 31. Rf1 Ke7 32. Rg7 Kf6 33. b4
Qxc4 34. Rg8 Rd8 35. Qg7+ Ke7 36. Rxd8 Kxd8 37. Rd1+ Ke7 38. Qg8 Qc7 39. Kf1
Rf6 40. Qg5 Qf4 41. Qg2 Qc4+ 42. Ke1 Qxb4+ 43. Kf1 Qc4+ 44. Ke1 Qc3+ 45. Kf1
Qf3 0-1

[Event "30. Open Pula 2016"]
[Site "Pula CRO"]
[Date "2016.09.15"]
[Round "7.3"]
[White "Barthel, Ansgar"]
[Black "Ostovic, Matija"]
[Result "1/2-1/2"]
[WhiteElo "2211"]
[BlackElo "2337"]
[PlyCount "52"]
[EventDate "2016.09.10"]
[EventType "swiss"]
[EventRounds "9"]
[EventCountry "CRO"]
[SourceTitle "Ajedrez en Madrid"]
[Source "lmi"]
[SourceDate "2016.09.10"]
[SourceVersion "1"]
[SourceVersionDate "2017.04.19"]
[SourceQuality "1"]

1. e4 d6 2. d4 Nf6 3. Nc3 Nbd7 4. Nf3 e5 5. Bc4 Be7 6. O-O O-O 7. Re1 c6 8. a4
a5 9. h3 Nb6 10. Bb3 Nfd7 11. Be3 exd4 12. Nxd4 Nc5 13. Qf3 Be6 14. Nxe6 fxe6
15. Qg4 d5 16. Bxc5 Bxc5 17. Qxe6+ Kh8 18. Re2 d4 19. Rd1 Qg5 20. Na2 h5 21. h4
Qxh4 22. Rd3 Rae8 23. Qg6 Qg4 24. Rg3 Qxg6 25. Rxg6 Be7 26. Nc1 Kh7 1/2-1/2

[Event "30. Open Pula 2016"]
[Site "Pula CRO"]
[Date "2016.09.15"]
[Round "7.4"]
[White "Krsnik Cohar, Ivan Vihor"]
[Black "Zierke, Oliver"]
[Result "1/2-1/2"]
[WhiteElo "2330"]
[BlackElo "2238"]
[PlyCount "82"]
[EventDate "2016.09.10"]
[EventType "swiss"]
[EventRounds "9"]
[EventCountry "CRO"]
[SourceTitle "Ajedrez en Madrid"]
[Source "lmi"]
[SourceDate "2016.09.10"]
[SourceVersion "1"]
[SourceVersionDate "2017.04.19"]
[SourceQuality "1"]

1. d4 Nf6 2. Bf4 e6 3. e3 Be7 4. Nd2 b6 5. Bd3 c5 6. c3 O-O 7. Qe2 Bb7 8. Ngf3
d5 9. O-O Nbd7 10. Rad1 Ne4 11. Ne5 Nxd2 12. Rxd2 Nxe5 13. Bxe5 f5 14. f4 Bf6
15. Rf3 Bxe5 16. fxe5 Rf7 17. Rh3 g6 18. Qf2 Qg5 19. Rg3 Qh6 20. Rh3 Qg5 21.
Rh4 a5 22. Rf4 c4 23. Be2 b5 24. h4 Qe7 25. g4 Kh8 26. gxf5 gxf5 27. Kh2 Rg7
28. Bf3 Bc6 29. Qe1 Rag8 30. Rg2 Be8 31. Qe2 Bh5 32. Rxg7 Qxg7 33. Qf2 Bxf3 34.
Rxf3 Qg4 35. Rf4 Qd1 36. Qf1 Qd2+ 37. Qf2 Qc1 38. a3 Rg6 39. Rf3 Rg4 40. Rf4
Rg6 41. Rf3 Rg4 1/2-1/2

[Event "30. Open Pula 2016"]
[Site "Pula CRO"]
[Date "2016.09.15"]
[Round "7.5"]
[White "Fucak, Emilio Milko"]
[Black "Molnar, Bela"]
[Result "0-1"]
[WhiteElo "2208"]
[BlackElo "2290"]
[PlyCount "48"]
[EventDate "2016.09.10"]
[EventType "swiss"]
[EventRounds "9"]
[EventCountry "CRO"]
[SourceTitle "Ajedrez en Madrid"]
[Source "lmi"]
[SourceDate "2016.09.10"]
[SourceVersion "1"]
[SourceVersionDate "2017.04.19"]
[SourceQuality "1"]

1. b3 Nf6 2. Bb2 g6 3. g3 Bg7 4. Bg2 d6 5. c4 e5 6. d4 exd4 7. Qxd4 O-O 8. Nc3
Nc6 9. Qd2 Ne5 10. Nf3 Nxf3+ 11. Bxf3 Bh3 12. Bxb7 Rb8 13. Bc6 Rb6 14. Ba4 c6
15. O-O-O d5 16. f3 Qe7 17. Rhe1 dxc4 18. g4 Rfb8 19. g5 Nd5 20. Nxd5 Bxb2+ 21.
Qxb2 cxd5 22. Rxd5 Be6 23. Rdd1 c3 24. Qc2 Qa3+ 0-1

[Event "30. Open Pula 2016"]
[Site "Pula CRO"]
[Date "2016.09.15"]
[Round "7.6"]
[White "Zufic, Miroslav"]
[Black "Elishev, Ivan"]
[Result "1-0"]
[WhiteElo "2442"]
[BlackElo "2098"]
[PlyCount "95"]
[EventDate "2016.09.10"]
[EventType "swiss"]
[EventRounds "9"]
[EventCountry "CRO"]
[SourceTitle "Ajedrez en Madrid"]
[Source "lmi"]
[SourceDate "2016.09.10"]
[SourceVersion "1"]
[SourceVersionDate "2017.04.19"]
[SourceQuality "1"]

1. e4 c5 2. Nf3 Nc6 3. Bb5 g6 4. O-O Bg7 5. Re1 e5 6. c3 Nge7 7. a3 O-O 8. b4
b6 9. d3 d6 10. Nbd2 a5 11. Bb2 Qc7 12. Qc2 h6 13. d4 Bd7 14. bxc5 bxc5 15.
dxc5 dxc5 16. a4 Nd8 17. Bxd7 Qxd7 18. Ba3 Ne6 19. Nc4 Qc7 20. Rab1 Rab8 21.
Rb5 Rxb5 22. axb5 Nc8 23. Nfd2 Rd8 24. Rb1 Nb6 25. Nxb6 Qxb6 26. Nc4 Qa7 27. g3
a4 28. Qe2 h5 29. h4 Bh6 30. Rd1 Rxd1+ 31. Qxd1 Qb7 32. Qb1 g5 33. b6 gxh4 34.
Na5 Qb8 35. b7 Nd8 36. Bxc5 Nxb7 37. Qxb7 Qd8 38. Nc6 Qd1+ 39. Kg2 h3+ 40. Kh2
Qf1 41. Qa8+ Kg7 42. Qf8+ Kh7 43. Qxf7+ Kh8 44. Qe8+ Kh7 45. Qd7+ Kh8 46. Qxh3
Qc4 47. Qc8+ Kh7 48. Qf5+ 1-0

[Event "30. Open Pula 2016"]
[Site "Pula CRO"]
[Date "2016.09.15"]
[Round "7.7"]
[White "Mestek, Igor"]
[Black "Loncar, Robert"]
[Result "1/2-1/2"]
[WhiteElo "2110"]
[BlackElo "2389"]
[PlyCount "31"]
[EventDate "2016.09.10"]
[EventType "swiss"]
[EventRounds "9"]
[EventCountry "CRO"]
[SourceTitle "Ajedrez en Madrid"]
[Source "lmi"]
[SourceDate "2016.09.10"]
[SourceVersion "1"]
[SourceVersionDate "2017.04.19"]
[SourceQuality "1"]

1. e4 e5 2. Nf3 Nc6 3. d4 exd4 4. Bc4 Nf6 5. e5 d5 6. Bb5 Ne4 7. Nxd4 Bc5 8.
Be3 Bd7 9. Bxc6 bxc6 10. O-O O-O 11. f3 Ng5 12. f4 Ne4 13. Nd2 Qe7 14. Nxe4
dxe4 15. Qe2 f6 16. Nb3 1/2-1/2

[Event "30. Open Pula 2016"]
[Site "Pula CRO"]
[Date "2016.09.15"]
[Round "7.8"]
[White "Hresc, Vladimir"]
[Black "Sestic, Nermin"]
[Result "1/2-1/2"]
[WhiteElo "2354"]
[BlackElo "2115"]
[PlyCount "98"]
[EventDate "2016.09.10"]
[EventType "swiss"]
[EventRounds "9"]
[EventCountry "CRO"]
[SourceTitle "Ajedrez en Madrid"]
[Source "lmi"]
[SourceDate "2016.09.10"]
[SourceVersion "1"]
[SourceVersionDate "2017.04.19"]
[SourceQuality "1"]

1. e4 e6 2. d4 d5 3. Nd2 c5 4. exd5 Qxd5 5. Ngf3 cxd4 6. Bc4 Qd6 7. O-O Nf6 8.
Nb3 Nc6 9. Nbxd4 Nxd4 10. Nxd4 a6 11. a4 Qc7 12. Qe2 Be7 13. c3 O-O 14. Bg5 Bd6
15. h3 b6 16. Bxf6 gxf6 17. Rad1 Bb7 18. Bd3 Qc5 19. f4 f5 20. Kh1 Kh8 21. Qd2
Rg8 22. Rf2 Rg6 23. Be2 Rag8 24. Bf3 Bxf3 25. Rxf3 Qd5 26. Rf2 Rg3 27. Nf3 Qxd2
28. Rdxd2 Bxf4 29. Rd7 f6 30. Nd4 Be3 31. Re2 Bxd4 32. Rxd4 e5 33. Rd6 b5 34.
axb5 axb5 35. Rxf6 f4 36. Rf5 h6 37. Rfxe5 f3 38. Rf2 fxg2+ 39. Kg1 Rd8 40. Re1
Rdd3 41. Rxg2 Rxg2+ 42. Kxg2 Rd2+ 43. Kg3 Rxb2 44. Kf4 b4 45. cxb4 Rxb4+ 46.
Kf5 Rb6 47. Re7 Kg8 48. h4 Ra6 49. h5 Rb6 1/2-1/2

[Event "30. Open Pula 2016"]
[Site "Pula CRO"]
[Date "2016.09.15"]
[Round "7.9"]
[White "Ciganovic, Nikola"]
[Black "Kozak, Antoni"]
[Result "1/2-1/2"]
[WhiteElo "2206"]
[BlackElo "2105"]
[PlyCount "61"]
[EventDate "2016.09.10"]
[EventType "swiss"]
[EventRounds "9"]
[EventCountry "CRO"]
[SourceTitle "Ajedrez en Madrid"]
[Source "lmi"]
[SourceDate "2016.09.10"]
[SourceVersion "1"]
[SourceVersionDate "2017.04.19"]
[SourceQuality "1"]

1. e4 c6 2. d4 d5 3. Nd2 dxe4 4. Nxe4 Bf5 5. Ng3 Bg6 6. h4 h6 7. Nf3 Nd7 8. h5
Bh7 9. Bd3 Bxd3 10. Qxd3 e6 11. Bf4 Qa5+ 12. Bd2 Qc7 13. O-O-O Ngf6 14. Ne4
O-O-O 15. c4 c5 16. Bc3 cxd4 17. Qxd4 Qf4+ 18. Ned2 Qxd4 19. Bxd4 Bc5 20. Nb3
Bxd4 21. Rxd4 Nb6 22. Ne5 Rhf8 23. Rhd1 Nxh5 24. Rxd8+ Rxd8 25. Rxd8+ Kxd8 26.
Nxf7+ Ke7 27. Ne5 Kd6 28. Nf7+ Ke7 29. Ne5 Kd6 30. Nf7+ Ke7 31. Ne5 1/2-1/2

[Event "30. Open Pula 2016"]
[Site "Pula CRO"]
[Date "2016.09.15"]
[Round "7.10"]
[White "Pozun, Matej"]
[Black "Voscilla, Adriano"]
[Result "0-1"]
[WhiteElo "2082"]
[BlackElo "2186"]
[PlyCount "90"]
[EventDate "2016.09.10"]
[EventType "swiss"]
[EventRounds "9"]
[EventCountry "CRO"]
[SourceTitle "Ajedrez en Madrid"]
[Source "lmi"]
[SourceDate "2016.09.10"]
[SourceVersion "1"]
[SourceVersionDate "2017.04.19"]
[SourceQuality "1"]

1. e4 e5 2. Nf3 Nc6 3. Bb5 a6 4. Ba4 d6 5. d4 b5 6. d5 bxa4 7. dxc6 Ne7 8. Nc3
Nxc6 9. Nd5 Ne7 10. c4 c6 11. Qxa4 Bd7 12. Nxe7 Bxe7 13. Qd1 Be6 14. b3 O-O 15.
Be3 f5 16. exf5 Bxf5 17. Nd2 d5 18. cxd5 cxd5 19. f3 Ba3 20. Qe2 Bb2 21. Rd1
Bc2 22. O-O Bxd1 23. Rxd1 Qa5 24. Nb1 Bd4 25. Bxd4 exd4 26. Qd2 Qxd2 27. Rxd2
Rac8 28. Kf2 Rc1 29. Na3 Ra1 30. Ke2 Re8+ 31. Kd3 Kf7 32. Kxd4 Ree1 33. Kxd5
Red1 34. Rxd1 Rxd1+ 35. Kc5 Rd2 36. Nc4 Rxa2 37. Kb6 Rxg2 38. Kxa6 Rxh2 39. b4
Ke6 40. Kb6 Kd7 41. b5 Kc8 42. Ne5 Re2 43. Nd3 h5 44. Nb4 h4 45. Ka7 Rb2 0-1

[Event "30. Open Pula 2016"]
[Site "Pula CRO"]
[Date "2016.09.15"]
[Round "7.11"]
[White "Kljako, Damir"]
[Black "Bozic, Marjan"]
[Result "1/2-1/2"]
[WhiteElo "2157"]
[BlackElo "2085"]
[PlyCount "27"]
[EventDate "2016.09.10"]
[EventType "swiss"]
[EventRounds "9"]
[EventCountry "CRO"]
[SourceTitle "Ajedrez en Madrid"]
[Source "lmi"]
[SourceDate "2016.09.10"]
[SourceVersion "1"]
[SourceVersionDate "2017.04.19"]
[SourceQuality "1"]

1. d4 d5 2. Nf3 Nf6 3. Bf4 e6 4. Nbd2 c5 5. e3 Nc6 6. c3 Be7 7. Ne5 O-O 8. Bd3
Nd7 9. Nxd7 Bxd7 10. Nf3 f5 11. Ne5 c4 12. Bc2 b5 13. Nxc6 Bxc6 14. O-O 1/2-1/2